Los Terrenos cuaternarios del llano de Barcelona / por N. Llopis Lladó
Descripción Física:
52 p. : il., 1 map. pleg. ; 22 cm
Materias:
Geologia -- Barcelona (Catalunya)
MARC
| LEADER | 00000nam a2200000Ia 4500 | ||
|---|---|---|---|
| 001 | 11820 | ||
| 008 | 160829s1942 xx 000 0 cat d | ||
| 080 | |a C-2-107 | ||
| 100 | |a Llopis i Lladó, Noel |9 24989 | ||
| 245 | |a Los Terrenos cuaternarios del llano de Barcelona / por N. Llopis Lladó | ||
| 260 | |a Barcelona : |b (Imp. Casa Prov. de Caridad), |c 1942 | ||
| 300 | |a 52 p. : |b il., 1 map. pleg. ; |c 22 cm | ||
| 490 | |a Publicaciones del Instituto Geológico-Topográfico ; 6 | ||
| 590 | |a Abans del títol: Diputación Provincial de Barcelona | ||
| 650 | 0 | |a Geologia |z Barcelona (Catalunya) |9 24990 | |
| 901 | |a Arxiu | ||
| 942 | |n 1 | ||
| 952 | |0 0 |1 0 |4 0 |6 C2107 |7 1 |9 43404 |a Arxiu |b Arxiu |d 2016-12-01 |l 0 |o C-2-107 |p 11820 |r 2016-12-01 00:00:00 |w 2016-12-01 |y ARXIU | ||
| 999 | |c 45950 |d 45950 | ||